| 000 | 00762nam a2200277Mi 4500 | ||
|---|---|---|---|
| 001 | 90017 | ||
| 005 | 20230411090048.0 | ||
| 008 | 090330s2009 sp 000 0 spa d | ||
| 035 | _a(OCoLC)ocn317588110 | ||
| 040 |
_aC3L _cC3L |
||
| 020 | _a9788498750348 | ||
| 020 | _a8498750342 | ||
| 029 | 0 |
_aC3L _b60668801 |
|
| 035 | _a(OCoLC)317588110 | ||
| 045 | _ax4x- | ||
| 082 | 1 | 4 |
_a330 _221 |
| 049 | _aGRAL | ||
| 100 | 1 | _aSaballs, Martâi. | |
| 245 | 1 | 0 |
_aHistorias de un corresponsal econâomico : _bburbujas y otras epidemias de entusiasmo / _cMartâi Saballs. |
| 260 |
_aBarcelona : _bGestiâon 2000, _c2009. |
||
| 300 | _a224 p. | ||
| 938 |
_aCasalini Libri _bCASA _n60668801 _c20.00 EUR |
||
| 942 |
_2lcc _cbk |
||
| 946 | _aAFJ | ||
| 994 |
_aC0 _bDRFGD |
||
| 999 |
_c111809 _d111809 |
||